000 00473nam a22001697a 4500
003 BD-ChCU
005 20260517094109.0
008 260517b bg ||||| |||| 00| 0 ben d
040 _cBD-ChCU
082 _a330.1 ULE
100 _aUlmer , Melville J.
_923076
245 _aEconomics , theory and practice . /
_cMelville J . Ulmer .
260 _aBoston :
_bHoughton ,
_cC 1965
300 _axv , 638p.
650 0 _aEconomics , Theory of .
_923077
942 _2ddc
_cBK
_n0
999 _c113018
_d113018